Countries from only two letters - Statistics

General Stats
  • This quiz has been taken 60 times
  • The average score is 48 of 88
Answer Stats
Letters Country % Correct
qa Qatar
89%
ph Philippines
84%
pp Philippines
84%
gd United Kingdom
84%
dj Djibouti
82%
cz Czech Republic
80%
ex Mexico
78%
xi Mexico
78%
aj Tajikistan
78%
ik Tajikistan
78%
fg Afghanistan
76%
bh Bhutan
76%
aq Iraq
76%
ky Kyrgyzstan
76%
yz Kyrgyzstan
76%
zs Kyrgyzstan
76%
my Myanmar
73%
ux Luxembourg
71%
xe Luxembourg
71%
ye Yemen
71%
hs Kazakhstan
69%
kh Kazakhstan
69%
iq Mozambique
69%
oz Mozambique
69%
sp Spain
69%
ek Uzbekistan
69%
uz Uzbekistan
69%
zb Uzbekistan
69%
cy Cyprus
67%
jo Jordan
67%
aw Malawi
64%
sy Syria
64%
kr Ukraine
64%
uk Ukraine
64%
ku Kuwait
62%
uw Kuwait
62%
cc Morocco
62%
eq Equatorial Guinea
60%
tv Latvia
60%
nz Tanzania
58%
bw Zimbabwe
58%
pt Egypt
56%
ee Greece
56%
ly Italy
56%
uv Tuvalu
56%
km Turkmenistan
53%
ae Israel
51%
lb Albania
49%
rz Bosnia and Herzegovina
49%
sn Bosnia and Herzegovina
49%
fe Federated States of Micronesia
49%
by Libya
49%
ht Liechtenstein
49%
ns Liechtenstein
49%
ev Saint Kitts and Nevis
47%
tt Saint Kitts and Nevis
47%
tz Switzerland
47%
tn Vietnam
47%
oo Cameroon
44%
uy Guyana
44%
hr Bahrain
42%
gl Bangladesh
42%
um Belgium
40%
iz Belize
40%
uc Saint Lucia
40%
ez Venezuela
40%
zu Venezuela
40%
yc Seychelles
38%
iw Taiwan
38%
id Trinidad and Tobago
38%
ob Trinidad and Tobago
38%
nu Vanuatu
38%
ty Vatican City
36%
nk Sri Lanka
33%
og Togo
33%
io Ethiopia
31%
op Ethiopia
31%
lt Malta
31%
fa Burkina Faso
29%
lv El Salvador
29%
nl Finland
29%
du Honduras
29%
eb Lebanon
27%
ys Malaysia
27%
ul Bulgaria
24%
sc Madagascar
22%
rs Marshall Islands
22%
od Cambodia
18%
No matching quizzes found
Score Distribution
Percent of People with Each Score
Percentile by Number Answered
Your Score History
You have not taken this quiz